000 00482nam a2200145Ia 4500
008 151015s9999 xx 000 0 und d
020 _a9.7803124891e+012
050 _aE173 .A72 2010
245 _aMarcus,Robert D.
250 _a_America Firsthand .-8th ed.Vol two Readings from reconstruction to the present Robert D.Marcus
300 _aNew York Bedfords/ST.Martin's 2010
500 _aIncludes index.
650 _a_America firsthand
700 _a^d20130527 10:32:10^oanne
999 _c4808
_d4808